00867nam a22001937a 4500003000900000008004100009040007100050082002500121100002000146245010600166260002900272300002900301440002500330505022400355650003100579650001800610650002400628650002100652AR-CdUCM190221b pe ||||| |||| 00| 0 spa d aMUNICIPALIDAD PROVINCIAL DEL CUSCOcBIBLIOTECA MUNICIPAL DEL CUSCO a985.02 /bB24 / 1931 aBasadre, Jorge  aPerú: Problema y Posibilidad :bensayo de una síntesis de la evolución histórica del Perú / aLima :bE. Rosay,c1931. a132 páginas.c21.5 cm. aBiblioteca peruana ; aContenido: El sentido de la historia peruana -- Panorama de la formación histórica del Perú -- La lucha política durante la primera república -- Panorama y critica de las inquietudes doctrinarias iniciales ... aProblemas y Posibilidades  aJorge Basadre aÉpoca Republicana aHistoria peruana